Top 20 des meilleurs buteurs de 2022 - Statistiques

Statistiques générales
  • Ce quiz a été pris 290 fois
  • Le résultat moyen est 16 sur 20
Statistiques - réponses
Clubs Réponse % Correct
PSG Mbappe
100%
City Haaland
97%
Tottenham Kane
97%
Real Madrid Benzema
96%
PSG Neymar
95%
Liverpool Salah
94%
Real Madrid Vinicius
91%
Bayern Lewandowski
90%
Milan AC Giroud
89%
Tottenham Son
88%
Monaco Ben Yedder
84%
Leipzig Nkunku
82%
Lazio Immobile
81%
Inter Milan Lautaro Martinez
78%
Bayern Mane
71%
Naples Osimhen
70%
Rennes Terrier
64%
Lyon Moussa Dembele
50%
Brentford Toney
43%
Real Betis Iglesias
29%
Aucun quiz correspondant
Distribution des résultats
% des personnes avec chaque résultat
Percentile par nombre de réponses
Votre historique - résultats
Vous n’avez pas pris ce quiz